La educación del amor

Gespeichert in:
Bibliographische Detailangaben
1. Verfasser: Biot, René
Format: Buch
Sprache:Spanisch
Veröffentlicht: Buenos Aires Desclée de Brouwer 1953
Ausgabe:Segunda edición
Schlagworte:
Tags: Tag hinzufügen
Keine Tags, Fügen Sie den ersten Tag hinzu!

MARC

LEADER 00000cam a2200000 a 4500
001 UCL3449
003 CL-VaPUC
005 20210619001434.0
008 031128e19530000AG |||||||||||||||||spa|d
999 |c 306487  |d 306485 
040 |c Pontificia Universidad Católica de Valparaíso 
082 0 4 |a 613.9071 BIO 1953  |2 21 
100 0 |a Biot, René  |9 480729 
245 1 3 |a La educación del amor 
250 |a Segunda edición 
260 |a Buenos Aires  |b Desclée de Brouwer  |c 1953 
300 |a 193 páginas 
583 |a last modification  |c 20141006 11:55:23  |k Rodrigo Vera 
650 0 |a Educación sexual  |9 308005 
942 |c BK  |2 ddc 
945 |d 20031128 00:00:00  |a vberengu 
952 |0 0  |1 0  |2 ddc  |4 0  |6 613_907100000000000_BIO_1953  |7 0  |8 P  |9 371514  |a BIBTEO  |b BIBTES  |c TEO_FTES  |d 2019-11-21  |i 2095963  |o 613.9071 BIO 1953  |p 2095963  |r 2024-01-18  |t 1  |w 2019-11-21  |y BK  |k ICR 
952 |0 0  |1 0  |2 ddc  |3 erb  |4 0  |6 613_907100000000000_BIO_1953  |7 0  |8 P  |9 371515  |a BIBTEO  |b BIBTES  |c TEO_FTES  |i 4999819  |o 613.9071 BIO 1953  |p 4999819  |r 2024-01-18  |t 2  |w 2019-11-21  |y BK  |z Catalogado en:20141009  |k ICR